Questiones sabbatine

Guardat en:
Dades bibliogràfiques
Autors principals: Pillius, Medicinensis (Autor), Papiensis, Otto (Autor), Azo, Portius (Autor)
Format: Llibre
Idioma:llatí
Publicat: Turín Augustae Taurinorum 1967
Col·lecció:Corpus Glossatorum Juris Civilis, 4
Matèries:
Etiquetes: Afegir etiqueta
Sense etiquetes, Sigues el primer a etiquetar aquest registre!

MARC

LEADER 00000cam a2200000 a 4500
001 UCD9447
003 CL-VaPUC
008 170626e19670000it |||||||||||||||||lat|d
082 0 4 |a 349.45  |b PIL  |2 21 
100 0 |a Pillius, Medicinensis  |e author  |9 593162 
700 0 |a Papiensis, Otto  |e author  |9 593163 
700 0 |a Azo, Portius  |e author  |9 593164 
245 1 0 |a Questiones sabbatine 
246 1 0 |a Ordo iudiciarius qui dicitur, Olim 
246 1 0 |a Brocarda 
300 |a 423 p 
942 |c BK 
945 |d 20170626 01:10:00  |a cmena 
260 |a Turín  |b Augustae Taurinorum  |c 1967 
650 7 |a DERECHO ANTIGUO  |2 CL-VaPUC  |9 593165 
650 0 |a Derecho romano  |9 255930 
650 0 |a Derecho italiano  |9 385337 
650 0 |a Historia del derecho  |9 255109 
583 |a last modification  |c 20170626 01:10:00  |k Rodrigo Vera 
490 0 |a Corpus Glossatorum Juris Civilis, 4 
999 |c 368638  |d 368636 
952 |0 0  |1 0  |3 erd  |4 0  |6 349_450000000000000_PIL_1967  |7 0  |8 DER_HIS  |9 484006  |a BIBDER  |b BIBDER  |i 1949314  |o 349.45 PIL 1967  |p 1949314  |r 2023-01-25  |w 2019-11-24  |x Ubicación 4to Piso  |y BK_X  |z Estos recursos deben solicitarse con anticipación  |k DER